|
|
|
|
| LEADER |
00887nam a22001937a 4500 |
| 008 |
201006b xxu||||| |||| 00| 0 eng d |
| 999 |
|
|
|c 29399
|d 29399
|
| 020 |
|
|
|a 9789387842151
|
| 082 |
|
|
|a 925.23
|b HAW/KAL
|
| 100 |
|
|
|a കല്ലുരുട്ടി, സത്യന്
|
| 240 |
|
|
|a Stephen hawking : nakshathrajeevitham
|
| 245 |
|
|
|a സ്റ്റീഫന് ഹോക്കിങ്
|b നക്ഷത്രജീവിതം /
|c സത്യന് കല്ലുരുട്ടി
|
| 250 |
|
|
|a 1st ed.
|
| 260 |
|
|
|a തിരുവനന്തപുരം :
|b ചിന്ത പബ്ലിഷേഴ്സ്,
|c 2018.
|
| 300 |
|
|
|a 134p.
|
| 650 |
|
|
|a Biography
|
| 700 |
|
|
|a Kallurutti, Sathyan
|
| 942 |
|
|
|2 ddc
|c BK
|
| 952 |
|
|
|0 0
|1 0
|2 ddc
|4 0
|6 925_230000000000000_HAW_KAL
|7 0
|9 40404
|a MAIN
|b MAIN
|d 2020-10-06
|e Deshabhimani
|g 150.00
|o 925.23 HAW/KAL
|p 38254
|r 2020-10-06
|t 1
|w 2020-10-06
|y BK
|